Which Country's Subdivision? (A-Z) Quiz Stats

Quiz Updated Oct 5, 2017

Challenge
Share
Tweet
Embed
Score 0/26 Timer 06:00
9 Plays Today
Question Answer Wrong Answers
Andalusia Spain
92.5%
Colombia
2.7%
Nicaragua
2.5%
Panama
1.9%
Xinjiang China
92%
Laos
0.3%
Mongolia
0.4%
Taiwan
1%
Quebec Canada
91.7%
France
1.9%
Luxembourg
0.3%
Switzerland
0.3%
Fukuoka Japan
91.6%
China
1.1%
North Korea
1.2%
South Korea
2.4%
New Mexico United States
89.6%
Belize
0.2%
Guatemala
0.3%
Mexico
4.6%
La Habana Cuba
87.3%
Australia
0.6%
Peru
4.3%
Spain
2.5%
East Java Indonesia
87.2%
Malaysia
5%
Philippines
2.5%
Thailand
1.9%
Western Cape South Africa
83.4%
Australia
3.8%
Canada
0.5%
New Zealand
5.9%
Brittany France
83.2%
Belgium
1.4%
Canada
2.3%
United Kingdom
11.7%
Tabasco Mexico
81.7%
Argentina
3.4%
Costa Rica
4.2%
Honduras
4.3%
Salzburg Austria
79%
Germany
10.4%
Liechtenstein
0.7%
Switzerland
3.9%
Galápagos Ecuador
73.7%
Bolivia
1.8%
Chile
14.7%
Peru
6%
Zanzibar Urban West Region Tanzania
73.5%
Kenya
5.8%
Malawi
2%
Mozambique
12.1%
Central Luzon Philippines
72.7%
Brunei
5.4%
Indonesia
9.3%
Malaysia
9.6%
Victoria Australia
71.9%
Canada
14.6%
El Salvador
0.6%
Seychelles
6.7%
Dubrovnik-Neretva Croatia
71.1%
Bosnia and Herzegovina
11.4%
Montenegro
2.4%
Serbia
11.8%
Yaroslavl Oblast Russia
68.6%
Bulgaria
4.9%
Kyrgyzstan
3.8%
Ukraine
16%
Uttar Pradesh India
68.3%
Bangladesh
10.3%
Nepal
6.5%
Pakistan
8.6%
Osmaniye Turkey
59.3%
Armenia
13.6%
Azerbaijan
11.9%
Turkmenistan
9%
Pernambuco Brazil
50.5%
Angola
9.8%
Portugal
10.6%
Uruguay
22.7%
Jönköping Sweden
47.3%
Denmark
13.4%
Iceland
18.1%
Norway
16.1%
Hama Syria
47.1%
Algeria
10.9%
Lebanon
26.9%
Tunisia
10.3%
Majuro Atoll Marshall Islands
43%
Kiribati
15.1%
Micronesia
20.7%
Solomon Islands
15.3%
Issyk-Kul Region Kyrgyzstan
40.8%
Kazakhstan
27.2%
Tajikistan
10.3%
Uzbekistan
16.5%
Kunduz Afghanistan
40.7%
Iran
23.3%
Pakistan
15.9%
Turkmenistan
14.5%
Ratchaburi Thailand
37.7%
Cambodia
18.4%
Myanmar
28.5%
Vietnam
8.7%

You're not logged in!

Compare scores with friends on all Sporcle quizzes.
Join for Free
OR
Log In

You Might Also Like...

Show Comments

Extras

Top Quizzes Today


Score Distribution

Your Account Isn't Verified!

In order to create a playlist on Sporcle, you need to verify the email address you used during registration. Go to your Sporcle Settings to finish the process.

Report this User

Report this user for behavior that violates our Community Guidelines.

Details: